| 000 | 01896nam a2200445 a 4500 | ||
|---|---|---|---|
| 001 | ebr10527785 | ||
| 003 | CaPaEBR | ||
| 006 | m u | ||
| 007 | cr cn||||||||| | ||
| 008 | 110203s2011 alua sb 001 0deng d | ||
| 010 | _z 2011003388 | ||
| 020 | _z9780817317539 (cloth alk. paper) | ||
| 020 | _z0817317538 (cloth alk. paper) | ||
| 020 | _z9780817385828 (e-book) | ||
| 040 |
_aCaPaEBR _cCaPaEBR |
||
| 035 | _a(OCoLC)785776399 | ||
| 043 | _an-us-al | ||
| 050 | 1 | 4 |
_aHV6465.A2 _bH65 2011eb |
| 082 | 0 | 4 |
_a364.1/34 _222 |
| 100 | 1 | _aHollars, B. J. | |
| 245 | 1 | 0 |
_aThirteen loops _h[electronic resource] : _brace, violence, and the last lynching in America / _cB.J. Hollars. |
| 260 |
_aTuscaloosa : _bUniversity of Alabama Press, _cc2011. |
||
| 300 |
_aviii, 249 p. : _bill. |
||
| 504 | _aIncludes bibliographical references and index. | ||
| 505 | 0 | _apt. 1. Tying the knot -- pt. 2. The last lynching -- pt. 3. Untangling. | |
| 533 |
_aElectronic reproduction. _bPalo Alto, Calif. : _cebrary, _d2011. _nAvailable via World Wide Web. _nAccess may be limited to ebrary affiliated libraries. |
||
| 600 | 1 | 0 |
_aDonald, Michael, _d1961-1981. |
| 600 | 1 | 0 |
_aMaddox, Vaudine, _dd. 1933. |
| 600 | 1 | 0 |
_aBallard, Gene, _dd. 1979. |
| 650 | 0 |
_aLynching _zAlabama _xHistory _y20th century. |
|
| 650 | 0 |
_aViolence _zAlabama _xHistory _y20th century. |
|
| 650 | 0 |
_aRacism _zAlabama _xHistory _y20th century. |
|
| 651 | 0 |
_aAlabama _xRace relations _xHistory _y20th century. |
|
| 651 | 0 |
_aMobile (Ala.) _xRace relations _xHistory _y20th century. |
|
| 651 | 0 |
_aBirmingham (Ala.) _xRace relations _xHistory _y20th century. |
|
| 651 | 0 |
_aTuscaloosa (Ala.) _xRace relations _xHistory _y20th century. |
|
| 655 | 7 |
_aElectronic books. _2local |
|
| 710 | 2 | _aebrary, Inc. | |
| 856 | 4 | 0 |
_uhttp://site.ebrary.com/lib/rucke/Doc?id=10527785 _zAn electronic book accessible through the World Wide Web; click to view |
| 999 |
_c145371 _d145371 |
||